[Event "candidates qf"]
[Site "Brussels BEL"]
[Date "1991.??.??"]
r1"]
[White "Short, Nigel David"]
[Black "Gelfand, Boris"]
[Result "0-1"]
[WhiteElo "2660"]
[BlackElo "2665"]
[EventDate "1991.08.??"]
[PlyCount "48"]

1.e4 c5 2.Nf3 d6 3.d4 cxd4 4.Nxd4 Nf6 5.Nc3 a6 6.f4 Qc7 7.Be2 e5 8.Nb3 b5 
9.O-O Bb7 10.Qd3 Nbd7 11.a3 Be7 12.g4 exf4 13.Bxf4 Ne5 14.Bxe5 dxe5 15.g5 
Nd7 16.h4 O-O 17.Nd5 Bxd5 18.exd5 e4 19.Qxe4 Qg3+ 20.Qg2 Qxh4 21.Rad1 Bxg5
22.Rd3 Rae8 23.Rf5 h6 24.Nd2 Nc5 0-1